Classic US Family Sitcoms by Picture - Statistics

General Stats
  • This quiz has been taken 104 times
  • The average score is 20 of 30
Answer Stats
Picture Hint Answer % Correct
1960 The Flintstones
99%
1964 The Addams Family
90%
1989 The Simpsons
90%
1969 The Brady Bunch
84%
1984 The Cosby Show
83%
1999 The Family Guy
81%
2000 Malcolm in the Middle
78%
1987 Full House
77%
1987 Married with Children
77%
1990 The Fresh Prince of Bel Air
77%
1974 Happy Days
75%
1962 The Beverly Hillbillies
75%
2009 Modern Family
74%
1998 That Seventies Show
73%
1997 King of the Hill
68%
1988 Roseanne
68%
1982 Family Ties
66%
1957 Leave It to Beaver
64%
1993 The Nanny
64%
1971 All in the Family
62%
1988 The Wonder Years
61%
2011 Bob's Burgers
60%
1978 Diff'rent Strokes
60%
1989 Family Matters
53%
1974 Good Times
44%
2003 Arrested Development
43%
2015 Fresh Off the Boat
42%
1966 The Donna Reed Show
38%
1980 Too Close for Comfort
22%
1981 Gimme a Break
19%
No matching quizzes found
Score Distribution
Percent of People with Each Score
Percentile by Number Answered
Your Score History
You have not taken this quiz